Čislicový jednofázový kalibračný elektromer = Digital one-line calibration intergation meter : Diplomová práca /

Saved in:
Bibliographic Details
Main Author: Mršťák, Jozef (Author)
Other Authors: Fuchs, Peter, 1959- (Thesis advisor)
Format: Manuscript Book
Published: Bratislava : STU v Bratislave FEI, 1997
Subjects:
Tags: Add Tag
No Tags, Be the first to tag this record!

MARC

LEADER 00000ntm a22000003a 4500
001 stu9914
005 20160719164954.0
008 970627s1997----------------------------d
040 |a STU  |b slo 
041 0
100 1 |a Fuchs, Peter,  |d 1959-  |4 ths  |u E400  |U FEI Fakulta elektrotechniky a informatiky  |T FEI Ústav automobilovej mechatroniky  |X 1898  |U E400  |Y 642  |7 A000001898 
245 1 |a Čislicový jednofázový kalibračný elektromer = Digital one-line calibration intergation meter :  |b Diplomová práca /  |c [aut.] Mršťák,Jozef; Škol. Fuchs,Peter 
260 |a Bratislava :  |b STU v Bratislave FEI,  |c 1997 
300 |a 62 s :  |b príl 
650 7 |a elektronika  |2 stusub 
700 1 |a Mršťák, Jozef  |4 aut